| 000 | 01380nam2a22002771 4500 | ||
|---|---|---|---|
| 001 | RU\NLR\INFOCOMM15\1000119030 | ||
| 005 | 20250617062131.0 | ||
| 035 | _a(NLR Aleph) 002518412 | ||
| 090 |
_a2742155 _c2742155 |
||
| 100 | _a20040414d1889 |||y0rusy50 ca | ||
| 101 | 0 | _arus | |
| 102 | _aRU | ||
| 105 | _ay ||||||||| | ||
| 200 | 0 | _aГ.10 1889, №44 | |
| 210 |
_d1889 _aБ. м. |
||
| 300 | _aТакже м/ф | ||
| 421 | 1 |
_12001#$aГолубые глаза. [Ноты]$fДрейер А.К.фон _1700#1$aДрейер$bА.К.фон _1210##$aСПб.$d1889 [ценз.] _1300##$aТакже м/ф _1309##$aПрипл. _tГолубые глаза. [Ноты] _aДрейер, А.К.фон |
|
| 421 | 1 |
_12001#$aSimple aven. [Ноты]$fThomé F. _1700#1$aThomé$bF. _1210##$a[СПб.$d1889] _1300##$aТакже м/ф _1309##$aПрипл. _tSimple aven. [Ноты] _aThomé, F. |
|
| 461 | 0 |
_1001RU\NLR\INFOCOMM15\1000118524 _12001#$aЛуч$eЖурн. политики, литературы и обществ. жизни$vГ.10 1889, №44 _92742086 _cСПб. _d1880-1896 _nИ.Н.Румянцев и П.Я.Бугайский _oЖурн. политики, литературы и обществ. жизни _tЛуч _vГ.10 1889, №44 |
|
| 801 | 1 |
_aRU _bInfoComm _c20040414 |
|
| 801 | 0 |
_aRU _bNLR _gPSBO |
|
| 852 |
_aNLR _j1/246низ |
||
| 942 | _cISSUE | ||
| 980 | _aNB | ||
| 980 | _aRUSPER | ||